A szocialista realizmus 1. kötet

Uložené v:
Podrobná bibliografia
Ďalší autori: Köpeczi, Béla, 1921-2010 (Editor), Aradi, Nóra 1924-2001 (Editor)
Médium: Kniha
Jazyk:Hungarian
Vydané: Budapest : Gondolat, 1970.
ISBN: (viaz.)
Fyzický popis: 419 s. ; 19 cm.
Tagy: Pridať tag
Žiadne tagy, Buďte prvý kto otaguje tento záznam!

MARC

LEADER 00000nam a22000001a 4500
001 000410035
005 20121113173814.0
008 080915s1970 hu 000 0 hun d
020 |a (viaz.)  |c Kčs 24,00 
040 |a SVKKK  |b slo  |c SVKKK  |e AACR2 
041 0 |a hun 
044 |a hu  |c HU 
245 0 2 |a A szocialista realizmus  |n 1. kötet  |c [bev. tanulmány, vál. Köpeczi Béla ; [közrem. Aradi Nóra ... [et al.]]. 
260 |a Budapest :  |b Gondolat,  |c 1970. 
300 |a 419 s. ;  |c 19 cm. 
700 1 |a Köpeczi, Béla,  |d 1921-2010.  |4 edt 
700 1 |a Aradi, Nóra  |d 1924-2001  |4 edt 
910 |a svkkk 
998 |a BK 
090 |g SCKHL  |k Sklad Hlavná 10 suterén  |a I.38084  |j 439997  |i 2720629206  |s Absenčne